Preliminary Report of the First Season of Excavation in East Karnak : 1975-1976 /

محفوظ في:

المؤلف الرئيسي: Redford, Donald B.

التنسيق: كتاب

اللغة: Undetermined

منشور في: Toronto : University of Toronto, 1976.

الوسوم: إضافة وسم

لا توجد وسوم, كن أول من يضع وسما على هذه التسجيلة!

رقم الطلب: DT73 .T3 A369

LEADER 00542nam a2200133Ia 4500
008 220401s9999||||xx |||||||||||||| ||und||
050 4 |a DT73 .T3 A369 
100 1 |a Redford, Donald B. 
245 1 0 |a Preliminary Report of the First Season of Excavation in East Karnak :  |b 1975-1976 /  |c Donald B. Redford. 
264 1 |a Toronto :  |b University of Toronto,  |c 1976. 
300 |a  :  |b  ;  |c . 
942 |2 lcc  |c BK 
952 |0 0  |1 0  |2 lcc  |4 0  |6 DT0073 T3 A369  |7 1  |9 39172  |a ARCE  |b ARCE  |d 2022-04-01  |l 0  |o DT73 .T3 A369  |p 1001763  |r 2022-04-01 00:00:00  |w 2022-04-01  |y BK 
999 |c 46753  |d 46753